| 000 | 00837nam a2200277Ia 4500 | ||
|---|---|---|---|
| 003 | OSt | ||
| 005 | 20220924115435.0 | ||
| 006 | a|||||r|||| 00| 0 | ||
| 007 | ta | ||
| 008 | 220923b |||||||| |||| 00| 0 san d | ||
| 020 | _a8121701899 (hbk) | ||
| 020 | _cINR 500.00 | ||
| 024 | _a336254 | ||
| 037 |
_b335, 10/02/2018, Eastern Book Linkers _cTextual |
||
| 040 |
_aARTS _cARTS _bsan |
||
| 041 |
_2san _asan |
||
| 082 | _aO15,2:g(R5), 111Q8 | ||
| 100 |
_aT. Devarajan _9178246 |
||
| 245 | 0 | _aDrama and aesthetics | |
| 260 |
_aDelhi _bBharatiya Vidya Prakashan India _c2018 |
||
| 300 |
_axiv,220p. _ccm. |
||
| 650 | _a SANSKRIT LITERATURE | ||
| 650 |
_aSANSKRIT DRAMA _9148476 |
||
| 942 |
_hO15,2:g(R5), 111Q8 _cTEXL _2CC |
||
| 999 |
_c398346 _d398346 |
||